[Event "DSM WK M 2012"]
[Site "Karlsruhe GER"]
[Date "2012.05.04"]
[Round "3"]
[White "Mehling, Katharina"]
[Black "Brandl, Lea Maria"]
[Result "1-0"]
[Termination "normal"]
[Board "1.1"]
[WhiteElo "1714"]
[BlackElo "1712"]
[WhiteTeam "Johann-Schöner-Gymnasium Karlstadt"]
[BlackTeam "Marienschule Limburg"]
[PlyCount "97"]
[WhiteFideId "12900362"]
[BlackFideId "24693049"]
[EventCountry "GER"]
[EventRounds "7"]
[EventType "team-swiss"]
[EventDate "2012.05.03"]

1. d4 Nf6 2. Nc3 d5 3. Bg5 e6 4. e4 Be7 5. e5 Nfd7 6. h4 h6 7. Bxe7 Qxe7 8. f4
a6 9. Nf3 c5 10. Ne2 Nc6 11. c3 b5 12. g4 Bb7 13. Qd2 Rc8 14. f5 Qf8 15. Bh3
cxd4 16. cxd4 Nb4 17. Nc3 Nb6 18. a3 Nc4 19. Qe2 Nxb2 20. O-O N4d3 21. Qd2 Qe7
22. Ne1 Qc7 23. Nxb5 axb5 24. Nxd3 Nxd3 25. Qxd3 Qc4 26. Qe3 Qc3 27. Rf3 Qxe3+
28. Rxe3 exf5 29. gxf5 O-O 30. Rb1 Ba6 31. Bf1 Rc6 32. Bxb5 Rb6 33. Reb3 Rfb8
34. Ba4 Rxb3 35. Rxb3 Ra8 36. Bc6 Ra7 37. Rb8+ Kh7 38. Ra8 Rxa8 39. Bxa8 Kg8
40. Bxd5 Kf8 41. Be4 Ke7 42. Kf2 Kd7 43. Ke3 Ke7 44. d5 Kd7 45. Kd4 f6 46. e6+
Kd6 47. a4 Be2 48. Bd3 Bf3 49. Bc4 1-0

[Event "DSM WK M 2012"]
[Site "Karlsruhe GER"]
[Date "2012.05.04"]
[Round "3"]
[White "Liez, Franziska"]
[Black "Mehling, Franziska"]
[Result "1/2-1/2"]
[Termination "normal"]
[Board "1.2"]
[WhiteElo "1726"]
[BlackElo "1691"]
[WhiteTeam "Marienschule Limburg"]
[BlackTeam "Johann-Schöner-Gymnasium Karlstadt"]
[PlyCount "107"]
[WhiteFideId "1271766"]
[BlackFideId "12900133"]
[EventCountry "GER"]
[EventRounds "7"]
[EventType "team-swiss"]
[EventDate "2012.05.03"]

1. e4 c5 2. Nf3 d6 3. d4 cxd4 4. Nxd4 Nf6 5. Nc3 a6 6. Be2 e6 7. Be3 Qc7 8. Qd2
b5 9. a3 Bb7 10. Bd3 Nbd7 11. O-O Be7 12. f3 O-O 13. Rfc1 Rac8 14. Qf2 Ne5 15.
Rd1 Nc4 16. Bxc4 Qxc4 17. Nb3 Qc7 18. Bb6 Qd7 19. Nc5 Qc6 20. Nxb7 Qxb7 21. Rd3
Nd7 22. Be3 Ne5 23. Rdd1 Nc4 24. b3 Nxa3 25. Rd3 b4 26. Na4 Nb5 27. Bd2 a5 28.
Be3 Rc6 29. Nb6 Bf6 30. Nc4 Ra8 31. Rdd1 Nc3 32. Rd2 d5 33. exd5 Nxd5 34. Rdd1
Qc7 35. Bd4 Bxd4 36. Qxd4 h6 37. Rd3 Rca6 38. Rd2 Nb6 39. Ne3 Rc8 40. Ra2 Qc5
41. Qd3 Ra7 42. Kh1 Rd7 43. Qe2 Rxd2 44. Qxd2 Nd5 45. Nc4 Ra8 46. Qc1 Nc3 47.
Ra1 Ne2 48. Qd2 Nc3 49. Qd3 Nd5 50. Qd2 Nb6 51. Nb2 Rc8 52. Rc1 Qe5 53. Nd3 Qc3
54. Qe2 1/2-1/2

[Event "DSM WK M 2012"]
[Site "Karlsruhe GER"]
[Date "2012.05.04"]
[Round "3"]
[White "Schneider, Jana"]
[Black "Liez, Tatjana"]
[Result "1-0"]
[Termination "normal"]
[Board "1.3"]
[WhiteElo "1537"]
[BlackElo "1500"]
[WhiteTeam "Johann-Schöner-Gymnasium Karlstadt"]
[BlackTeam "Marienschule Limburg"]
[PlyCount "131"]
[WhiteFideId "12924997"]
[BlackFideId "1271769"]
[EventCountry "GER"]
[EventRounds "7"]
[EventType "team-swiss"]
[EventDate "2012.05.03"]

1. e4 e5 2. Nf3 Nc6 3. d4 exd4 4. Nxd4 Be7 5. Nc3 Nxd4 6. Qxd4 Nf6 7. e5 Ng8 8.
Bc4 f6 9. Bf4 d6 10. exd6 Bxd6 11. Bb5+ Bd7 12. Bxd6 cxd6 13. Qxd6 Bxb5 14.
Qxd8+ Rxd8 15. Nxb5 a6 16. Nc3 Ne7 17. O-O O-O 18. Rad1 Nc6 19. Rxd8 Rxd8 20.
Rd1 Re8 21. f3 Kf7 22. Rd7+ Re7 23. Rxe7+ Kxe7 24. Ne4 b6 25. Kf2 Nb4 26. Ke2
Nxc2 27. Kd2 Nb4 28. a3 Nd5 29. g3 Ke6 30. Kd3 h6 31. Kd4 Ne7 32. Nd2 Nc6+ 33.
Kc4 Ne5+ 34. Kd4 g5 35. b3 f5 36. f4 Nd7 37. Nc4 g4 38. a4 a5 39. Ne3 Nc5 40.
Kc4 Nd7 41. Kb5 h5 42. Nc4 Nc5 43. Kxb6 Nxb3 44. Nxa5 Nd4 45. Nc6 Nb3 46. a5
Nxa5 47. Nxa5 Kf6 48. Kc6 Kg6 49. Kd6 h4 50. Ke5 hxg3 51. hxg3 Kh7 52. Kxf5 Kg7
53. Kxg4 Kg6 54. f5+ Kf6 55. Kf4 Kf7 56. Kg5 Kg7 57. f6+ Kf7 58. Kf5 Kg8 59.
Kg6 Kh8 60. Nc6 Kg8 61. Ne5 Kh8 62. Nf7+ Kg8 63. g4 Kf8 64. Nh6 Ke8 65. f7+ Kf8
66. g5 1-0

[Event "DSM WK M 2012"]
[Site "Karlsruhe GER"]
[Date "2012.05.04"]
[Round "3"]
[White "Bajorski, Maria Sophie"]
[Black "Mehling, Theresa"]
[Result "1-0"]
[Termination "normal"]
[Board "1.4"]
[WhiteElo "1455"]
[BlackElo "815"]
[WhiteTeam "Marienschule Limburg"]
[BlackTeam "Johann-Schöner-Gymnasium Karlstadt"]
[PlyCount "85"]
[WhiteFideId "24654531"]
[EventCountry "GER"]
[EventRounds "7"]
[EventType "team-swiss"]
[EventDate "2012.05.03"]

1. e4 e5 2. Nf3 Nc6 3. Bc4 Nf6 4. d3 Bc5 5. O-O d6 6. h3 Bd7 7. Nc3 h6 8. Bd2
Qe7 9. Re1 O-O-O 10. a3 Rhg8 11. b4 Bb6 12. Nd5 Nxd5 13. Bxd5 Nd4 14. Nxd4 Bxd4
15. c3 Bb6 16. a4 c6 17. Bc4 g5 18. b5 h5 19. a5 cxb5 20. axb6 Kb8 21. bxa7+
Ka8 22. Bd5 g4 23. Kh2 Qh4 24. Re2 gxh3 25. g3 Qg4 26. Re3 Qg5 27. Rf3 Qg6 28.
Bxf7 Qh7 29. Bxg8 Rxg8 30. Rf6 Qe7 31. Rh6 h4 32. Rxh4 Rf8 33. Be1 Rf7 34. Rh8+
Rf8 35. Rxf8+ Qxf8 36. Qb3 Qc8 37. c4 b6 38. cxb5 Be6 39. Qb4 Bd7 40. Qxd6 Bxb5
41. Qxe5 Bxd3 42. Qd5+ Qc6 43. Qxc6# 1-0

[Event "DSM WK M 2012"]
[Site "Karlsruhe GER"]
[Date "2012.05.04"]
[Round "3"]
[White "Berger, Nadja"]
[Black "Evers, Annika"]
[Result "1-0"]
[Termination "normal"]
[Board "2.1"]
[WhiteElo "1837"]
[BlackElo "1774"]
[WhiteTeam "Friedrich-Dessauer-Gymnasium Aschaffenburg"]
[BlackTeam "Athenaeum Stade"]
[PlyCount "120"]
[WhiteFideId "24692212"]
[BlackFideId "24691933"]
[EventCountry "GER"]
[EventRounds "7"]
[EventType "team-swiss"]
[EventDate "2012.05.03"]

1. c4 c5 2. Nc3 Nc6 3. g3 g6 4. Bg2 Bg7 5. d3 e6 6. Nf3 Nge7 7. a3 Rb8 8. Rb1
a6 9. Ne4 d6 10. O-O b5 11. cxb5 axb5 12. b4 cxb4 13. axb4 Nd5 14. Bd2 f5 15.
Neg5 Nc3 16. Bxc3 Bxc3 17. Qc2 Nd4 18. Nxd4 Bxd4 19. Bc6+ Kf8 20. Qd2 Bf6 21.
Nf3 Bd7 22. Rfc1 Kf7 23. Qe3 Bxc6 24. Rxc6 Qd7 25. Ra6 Ra8 26. Ra5 Bc3 27. d4
Rxa5 28. bxa5 Bxa5 29. d5 e5 30. Ra1 Ra8 31. Ng5+ Kg8 32. Ne6 Qb7 33. Qh6 Qf7
34. Qg5 Qe8 35. Qh6 Qf7 36. Qd2 Qa7 37. Qg5 Qd7 38. Qf6 Qf7 39. Rxa5 Qxf6 40.
Rxa8+ Kf7 41. Rf8+ Ke7 42. Rxf6 Kxf6 43. Nc7 b4 44. Nb5 e4 45. Nd4 Ke5 46. Nc6+
Kxd5 47. Nxb4+ Kc4 48. Na6 d5 49. Kf1 d4 50. Ke1 g5 51. Nc7 d3 52. exd3+ exd3
53. Kd2 Kd4 54. Ne6+ Ke4 55. Nxg5+ Kd4 56. Nxh7 Ke5 57. Kxd3 f4 58. Ke2 Ke4 59.
Ng5+ Kf5 60. h4 Kg4 1-0

[Event "DSM WK M 2012"]
[Site "Karlsruhe GER"]
[Date "2012.05.04"]
[Round "3"]
[White "Lange, Anika"]
[Black "Schnepper, Pauline"]
[Result "1/2-1/2"]
[Termination "normal"]
[Board "2.2"]
[WhiteElo "1523"]
[BlackElo "1596"]
[WhiteTeam "Athenaeum Stade"]
[BlackTeam "Friedrich-Dessauer-Gymnasium Aschaffenburg"]
[PlyCount "77"]
[WhiteFideId "24693405"]
[BlackFideId "12918040"]
[EventCountry "GER"]
[EventRounds "7"]
[EventType "team-swiss"]
[EventDate "2012.05.03"]

1. d4 d5 2. Nf3 Nf6 3. e3 Bg4 4. Bd3 Nc6 5. O-O e6 6. a3 a6 7. Nbd2 Bd6 8. b3
O-O 9. Bb2 e5 10. dxe5 Bxe5 11. Bxe5 Nxe5 12. Be2 Nxf3+ 13. Nxf3 Ne4 14. h3 Nc3
15. Qd2 Nxe2+ 16. Qxe2 Bh5 17. Rad1 c5 18. c4 d4 19. exd4 Bxf3 20. Qxf3 cxd4
21. Qd3 Qd6 22. Qxd4 Qxa3 23. Qb6 Qe7 24. Rfe1 Qf6 25. Rd6 Qc3 26. Red1 h6 27.
Rd7 Rab8 28. Rxb7 Rxb7 29. Qxb7 a5 30. Qb6 Re8 31. c5 Re1+ 32. Rxe1 Qxe1+ 33.
Kh2 Qe5+ 34. g3 Qd4 35. Kg2 Qe4+ 36. Kh2 Qd4 37. Kg2 Qe4+ 38. Kh2 Qd4 39. Kg2
1/2-1/2

[Event "DSM WK M 2012"]
[Site "Karlsruhe GER"]
[Date "2012.05.04"]
[Round "3"]
[White "Schwind, Clara"]
[Black "Gerdts, Martina"]
[Result "1-0"]
[Termination "normal"]
[Board "2.3"]
[WhiteElo "1396"]
[BlackElo "1071"]
[WhiteTeam "Friedrich-Dessauer-Gymnasium Aschaffenburg"]
[BlackTeam "Athenaeum Stade"]
[PlyCount "69"]
[WhiteFideId "12964581"]
[BlackFideId "12930628"]
[EventCountry "GER"]
[EventRounds "7"]
[EventType "team-swiss"]
[EventDate "2012.05.03"]

1. e4 d6 2. d4 Nf6 3. Nc3 g6 4. Nf3 Bg7 5. Bc4 O-O 6. O-O Nbd7 7. Re1 c6 8. Bg5
b5 9. Bd3 h6 10. Bf4 a5 11. a3 Bb7 12. b4 axb4 13. axb4 Qb6 14. Qd2 Kh7 15. e5
Ne8 16. Rxa8 Bxa8 17. e6 Ndf6 18. exf7 Rxf7 19. Nh4 Kh8 20. Bxg6 Rf8 21. Bxh6
Ng8 22. Bxg7+ Nxg7 23. Be4 Rf6 24. Ng6+ Kh7 25. Nxe7+ Kh8 26. Nxg8 Kxg8 27. Re3
Bb7 28. Rg3 Qc7 29. Qg5 Qe7 30. Qh4 Bc8 31. Qh7+ Kf7 32. Rxg7+ Ke8 33. Rxe7+
Kd8 34. Bxc6 Be6 35. Re8# 1-0

[Event "DSM WK M 2012"]
[Site "Karlsruhe GER"]
[Date "2012.05.04"]
[Round "3"]
[White "Steffens, Skrolan"]
[Black "Künstler, Tabea"]
[Result "1/2-1/2"]
[Termination "normal"]
[Board "2.4"]
[WhiteElo "800"]
[BlackElo "1357"]
[WhiteTeam "Athenaeum Stade"]
[BlackTeam "Friedrich-Dessauer-Gymnasium Aschaffenburg"]
[PlyCount "114"]
[EventCountry "GER"]
[EventRounds "7"]
[EventType "team-swiss"]
[EventDate "2012.05.03"]

1. e4 e6 2. d4 d5 3. exd5 exd5 4. c4 Nf6 5. Nc3 Be6 6. cxd5 Nxd5 7. Nf3 Nxc3 8.
bxc3 Bd6 9. Bd3 O-O 10. O-O Bg4 11. Be2 Re8 12. Be3 c6 13. Qc2 Bxf3 14. Bxf3
Qh4 15. h3 Qf6 16. Qd2 h6 17. Rfe1 Nd7 18. Re2 Bc7 19. Rae1 Kf8 20. c4 Qd6 21.
g3 Qf6 22. Bg2 Nb6 23. Qb4+ Qe7 24. Qxe7+ Rxe7 25. d5 Kg8 26. Bxb6 Rxe2 27.
Rxe2 axb6 28. dxc6 bxc6 29. Bxc6 Rc8 30. Re8+ Rxe8 31. Bxe8 Kf8 32. Bc6 Ke7 33.
Kg2 Kd6 34. Bd5 f6 35. a4 Kc5 36. Kf3 Kd4 37. Bf7 Ke5 38. Kg4 f5+ 39. Kh5 Kf6
40. Bg6 Bd6 41. g4 fxg4 42. hxg4 Bf4 43. f3 Ke5 44. Be4 Kd4 45. Bd5 Bg5 46. Kg6
Bf6 47. Kf5 Kc5 48. Ke6 Kb4 49. Kd6 Kxa4 50. Kc6 Bd4 51. Kd6 Kb4 52. Ke6 Kc3
53. Kf5 Kd3 54. Ke6 Ke3 55. Kf5 Bf6 56. Be4 Bg5 57. Bd5 Bf6 1/2-1/2

[Event "DSM WK M 2012"]
[Site "Karlsruhe GER"]
[Date "2012.05.04"]
[Round "3"]
[White "Krtschil, Anna"]
[Black "Krein, Jana"]
[Result "1-0"]
[Termination "normal"]
[Board "3.1"]
[WhiteElo "1524"]
[BlackElo "1362"]
[WhiteTeam "Salza Gymnasium Bad Langensalza"]
[BlackTeam "Auguste-Viktoria-Gymnasium Trier"]
[PlyCount "53"]
[WhiteFideId "4611144"]
[BlackFideId "12937762"]
[EventCountry "GER"]
[EventRounds "7"]
[EventType "team-swiss"]
[EventDate "2012.05.03"]

1. e4 e5 2. Nf3 Nc6 3. Bc4 Bc5 4. c3 d6 5. d4 exd4 6. cxd4 Bb4+ 7. Nc3 Bg4 8.
O-O Nge7 9. Qd3 O-O 10. a3 Ba5 11. Re1 Bxf3 12. gxf3 Ng6 13. Kh1 Qh4 14. Be3
Nce7 15. Rg1 c6 16. Rg4 Qh3 17. Rg3 Qd7 18. Rag1 Bc7 19. d5 cxd5 20. Nxd5 Nxd5
21. Bxd5 Bd8 22. f4 Bf6 23. f5 Ne5 24. Qd2 Rfc8 25. Bh6 g6 26. fxg6 hxg6 27. f4
1-0

[Event "DSM WK M 2012"]
[Site "Karlsruhe GER"]
[Date "2012.05.04"]
[Round "3"]
[White "Kim, Yu-Mi"]
[Black "Halle, Julia"]
[Result "0-1"]
[Termination "normal"]
[Board "3.2"]
[WhiteElo "1239"]
[BlackElo "1312"]
[WhiteTeam "Auguste-Viktoria-Gymnasium Trier"]
[BlackTeam "Salza Gymnasium Bad Langensalza"]
[PlyCount "102"]
[WhiteFideId "12955361"]
[BlackFideId "24694940"]
[EventCountry "GER"]
[EventRounds "7"]
[EventType "team-swiss"]
[EventDate "2012.05.03"]

1. e4 d6 2. d4 g6 3. Nf3 Bg7 4. Nc3 Nf6 5. Bc4 c6 6. O-O b5 7. Bb3 b4 8. Ne2
Nxe4 9. Qd3 Nf6 10. Bg5 Ba6 11. Bc4 Bxc4 12. Qxc4 Qb6 13. Bxf6 Bxf6 14. Rab1
Nd7 15. c3 c5 16. Qd5 O-O 17. dxc5 Nxc5 18. Qc4 a5 19. Rfe1 Rac8 20. cxb4 Qxb4
21. Qxb4 axb4 22. Ned4 Nd3 23. Re3 Ne5 24. Nxe5 Bxe5 25. Nf3 Bf6 26. Rb3 Rc4
27. Nd2 Rc2 28. Ne4 Be5 29. Rxb4 Rfc8 30. g3 Re2 31. Ng5 Rcc2 32. Nh3 Rxb2 33.
Rb8+ Rxb8 34. Rxb8+ Kg7 35. Rb7 Bc3 36. Rb5 Rxa2 37. Nf4 e5 38. Nd5 Bd2 39. Nb6
e4 40. Nc4 Bc3 41. Nxd6 f5 42. Kf1 Kf6 43. Rb6 Ke5 44. Kg2 f4 45. gxf4+ Kxf4
46. Nc4 Be1 47. Rf6+ Kg5 48. Rf7 h5 49. Kf1 Bc3 50. Nd6 Ra1+ 51. Ke2 Re1# 0-1

[Event "DSM WK M 2012"]
[Site "Karlsruhe GER"]
[Date "2012.05.04"]
[Round "3"]
[White "Winterberg, Johanna"]
[Black "Bach, Kira Annika"]
[Result "1/2-1/2"]
[Termination "normal"]
[Board "3.3"]
[WhiteElo "1210"]
[BlackElo "1189"]
[WhiteTeam "Salza Gymnasium Bad Langensalza"]
[BlackTeam "Auguste-Viktoria-Gymnasium Trier"]
[PlyCount "35"]
[WhiteFideId "12929344"]
[BlackFideId "12907677"]
[EventCountry "GER"]
[EventRounds "7"]
[EventType "team-swiss"]
[EventDate "2012.05.03"]

1. e4 e6 2. d4 d5 3. e5 c5 4. c3 Nc6 5. Nf3 Qb6 6. b3 Bd7 7. Bb2 Be7 8. Bd3 c4
9. Bc2 Nh6 10. Bc1 Ng8 11. O-O Qa6 12. b4 Qb5 13. a4 Qb6 14. a5 Qc7 15. h3 f6
16. Re1 Bf8 17. Bf4 Qd8 18. Ba4 1/2-1/2

[Event "DSM WK M 2012"]
[Site "Karlsruhe GER"]
[Date "2012.05.04"]
[Round "3"]
[White "Kim, Yun-Mi"]
[Black "Schirrmeister, Laura"]
[Result "1-0"]
[Termination "normal"]
[Board "3.4"]
[WhiteElo "1064"]
[BlackElo "1135"]
[WhiteTeam "Auguste-Viktoria-Gymnasium Trier"]
[BlackTeam "Salza Gymnasium Bad Langensalza"]
[PlyCount "89"]
[BlackFideId "24694967"]
[EventCountry "GER"]
[EventRounds "7"]
[EventType "team-swiss"]
[EventDate "2012.05.03"]

1. e4 d6 2. d4 g6 3. Nf3 Bg7 4. Nc3 Nf6 5. Bf4 c5 6. Bc4 Nc6 7. e5 dxe5 8. dxe5
Qxd1+ 9. Rxd1 Ng4 10. Rd5 b6 11. Bb5 Bb7 12. Bxc6+ Bxc6 13. Rd2 O-O 14. Re2
Rad8 15. h3 Nh6 16. Bxh6 Bxh6 17. O-O f6 18. Nh2 Bf4 19. exf6 Rxf6 20. Rxe7 a5
21. Ng4 Rff8 22. Ne2 Bd6 23. Nh6+ Kh8 24. Nf7+ Kg8 25. Nxd8 Bxe7 26. Nxc6 Bf6
27. b3 Rc8 28. Na7 Ra8 29. Nb5 a4 30. Rd1 axb3 31. axb3 Ra2 32. Rd2 Ra5 33. c4
Ra6 34. Ng3 Be5 35. Rd5 Bf6 36. Rd6 Bg5 37. Nc7 Bf4 38. Nxa6 Bxd6 39. Kf1 Kf7
40. Ke2 Ke6 41. Ke3 Ke5 42. f4+ Ke6 43. Ke4 h6 44. Ne2 Be7 45. g4 1-0

[Event "DSM WK M 2012"]
[Site "Karlsruhe GER"]
[Date "2012.05.04"]
[Round "3"]
[White "Zelbel, Jacqueline"]
[Black "Heinemann, Josefine"]
[Result "0-1"]
[Termination "normal"]
[Board "4.1"]
[WhiteElo "1255"]
[BlackElo "1850"]
[WhiteTeam "Immanuel-Kant-Gymnasium Dortmund"]
[BlackTeam "Werner-von-Siemens-Gymnasium Magdeburg"]
[PlyCount "80"]
[BlackFideId "12900460"]
[EventCountry "GER"]
[EventRounds "7"]
[EventType "team-swiss"]
[EventDate "2012.05.03"]

1. e4 c5 2. c3 d5 3. exd5 Qxd5 4. d4 Nf6 5. Nf3 Bg4 6. Be2 Nc6 7. dxc5 Qxc5 8.
Be3 Qd5 9. Qxd5 Nxd5 10. Bd4 Nxd4 11. Nxd4 Bxe2 12. Nxe2 g6 13. O-O Bg7 14. Nd2
O-O 15. Rad1 Rfd8 16. Nb3 Rac8 17. Rfe1 e6 18. Ng3 Nb6 19. Rxd8+ Rxd8 20. Nc5
Rd2 21. Rb1 Nc4 22. Na4 b5 23. Ne4 Re2 24. Nac5 Rxb2 25. Rxb2 Nxb2 26. Kf1 Nc4
27. Ke2 Kf8 28. Kd3 Ke7 29. Nb3 f5 30. Ng5 h6 31. Nf3 Ne5+ 32. Nxe5 Bxe5 33. h3
Bc7 34. c4 bxc4+ 35. Kxc4 Kd6 36. f3 Bb6 37. Kd3 Ke5 38. Nd2 Kf4 39. Nf1 Ba5
40. g3+ Kxf3 0-1

[Event "DSM WK M 2012"]
[Site "Karlsruhe GER"]
[Date "2012.05.04"]
[Round "3"]
[White "Peschos, Celine"]
[Black "Hudde, Marnie"]
[Result "1-0"]
[Termination "normal"]
[Board "4.2"]
[WhiteElo "1460"]
[BlackElo "800"]
[WhiteTeam "Werner-von-Siemens-Gymnasium Magdeburg"]
[BlackTeam "Immanuel-Kant-Gymnasium Dortmund"]
[PlyCount "55"]
[EventCountry "GER"]
[EventRounds "7"]
[EventType "team-swiss"]
[EventDate "2012.05.03"]

1. e4 e5 2. Nf3 Nc6 3. d4 exd4 4. Nxd4 Bc5 5. Be3 Nf6 6. Nxc6 bxc6 7. Bxc5 d6
8. Bd4 Qe7 9. f3 d5 10. Qe2 O-O 11. Qf2 Qb4+ 12. Bc3 Qe7 13. Bd3 a5 14. O-O Ba6
15. Bxa6 Rxa6 16. Nd2 dxe4 17. Bxf6 Qxf6 18. Nxe4 Qxb2 19. Nc5 Raa8 20. Nd3 Qf6
21. Rae1 Rfe8 22. Rxe8+ Rxe8 23. Re1 Rxe1+ 24. Qxe1 h6 25. Qxa5 Qd4+ 26. Kf1
Qd6 27. Qe5 Qd7 28. a4 1-0

[Event "DSM WK M 2012"]
[Site "Karlsruhe GER"]
[Date "2012.05.04"]
[Round "3"]
[White "Zelbel, Chantal"]
[Black "Zander, Carolin"]
[Result "0-1"]
[Termination "normal"]
[Board "4.3"]
[WhiteElo "976"]
[BlackElo "800"]
[WhiteTeam "Immanuel-Kant-Gymnasium Dortmund"]
[BlackTeam "Werner-von-Siemens-Gymnasium Magdeburg"]
[PlyCount "148"]
[EventCountry "GER"]
[EventRounds "7"]
[EventType "team-swiss"]
[EventDate "2012.05.03"]

1. d4 d5 2. Nc3 Nf6 3. Bf4 Bf5 4. Nb5 Kd7 5. Nxc7 Nc6 6. Nxa8 Qxa8 7. Nf3 e6 8.
Ne5+ Nxe5 9. Bxe5 Be7 10. e3 Ng4 11. Bb5+ Kc8 12. Bxg7 Rg8 13. Be5 Nxe5 14.
dxe5 f6 15. Qd4 Qb8 16. exf6 Bd6 17. f7 Rf8 18. Qg7 Qc7 19. Qc3 Rxf7 20. Qh8+
Rf8 21. Qc3 a6 22. Qxc7+ Kxc7 23. Bd3 Bg4 24. Bxh7 Rf7 25. Bd3 e5 26. f3 Bh5
27. e4 dxe4 28. Bxe4 Bc5 29. O-O-O b5 30. Rd5 Be3+ 31. Kb1 Re7 32. Re1 Bg5 33.
Rc5+ Kb6 34. Rc6+ Ka7 35. g4 Be8 36. Rc8 Kb6 37. Rd1 Ka5 38. a3 Bd7 39. b4+ Kb6
40. Rb8+ Kc7 41. Rb7+ Kd8 42. Bf5 Ke8 43. Bxd7+ Kf7 44. Be6+ Kxe6 45. Rxe7+
Kxe7 46. Rd5 Ke6 47. Rd8 Bxd8 48. Kc1 Kd5 49. Kd2 Kd4 50. h3 Bg5+ 51. Kd1 Ke3
52. Kc1 Kxf3+ 53. Kb2 Be7 54. Kb3 e4 55. a4 a5 56. bxa5 Bc5 57. axb5 e3 58. Kc4
e2 59. Kxc5 e1=Q 60. b6 Qxa5+ 61. Kc6 Qc3+ 62. Kb5 Qc8 63. c4 Ke4 64. g5 Ke5
65. g6 Kf6 66. c5 Ke7 67. g7 Kd7 68. g8=Q Qxg8 69. c6+ Kd6 70. b7 Qb8 71. Kb6
Qc7+ 72. Ka7 Kxc6 73. h4 Qb6+ 74. Ka8 Qxb7# 0-1

[Event "DSM WK M 2012"]
[Site "Karlsruhe GER"]
[Date "2012.05.04"]
[Round "3"]
[White "Döring, Saskia"]
[Black "Liberis, Angelina"]
[Result "1-0"]
[Termination "normal"]
[Board "4.4"]
[WhiteElo "800"]
[BlackElo "800"]
[WhiteTeam "Werner-von-Siemens-Gymnasium Magdeburg"]
[BlackTeam "Immanuel-Kant-Gymnasium Dortmund"]
[PlyCount "77"]
[EventCountry "GER"]
[EventRounds "7"]
[EventType "team-swiss"]
[EventDate "2012.05.03"]

1. e4 e5 2. Nf3 Nc6 3. Bc4 Bc5 4. d3 d6 5. c3 Nf6 6. O-O O-O 7. Bb3 Bg4 8. Nbd2
h6 9. h3 Bh5 10. Bc2 Qd7 11. Re1 Rae8 12. Nf1 a5 13. Ng3 Bxf3 14. gxf3 b5 15.
Ne2 b4 16. d4 Qxh3 17. dxc5 dxc5 18. Ba4 Re6 19. Bxc6 Rxc6 20. Qa4 Qd7 21. Qxa5
Rd8 22. Be3 Nh5 23. Bxc5 Rg6+ 24. Ng3 Nxg3 25. fxg3 Rxg3+ 26. Kf2 Rg6 27. cxb4
Qd2+ 28. Re2 Rg5 29. Rxd2 Rxd2+ 30. Ke3 Rgg2 31. Re1 Rxb2 32. b5 Rxa2 33. Ba3
Rac2 34. Bc1 Kf8 35. Rd1 Ra2 36. Qxc7 Ra3+ 37. Rd3 Ra8 38. Rd8+ Rxd8 39. Qxd8#
1-0

[Event "DSM WK M 2012"]
[Site "Karlsruhe GER"]
[Date "2012.05.04"]
[Round "3"]
[White "Lagunow, Elina"]
[Black "Wolff, Marie Antoinette"]
[Result "0-1"]
[Termination "normal"]
[Board "5.1"]
[WhiteElo "1684"]
[BlackElo "1144"]
[WhiteTeam "Heinrich-Schliemann-Gymnasium Berlin"]
[BlackTeam "Louise-Henriette-Gymnasium Oranienburg"]
[PlyCount "90"]
[WhiteFideId "4673387"]
[BlackFideId "12908258"]
[EventCountry "GER"]
[EventRounds "7"]
[EventType "team-swiss"]
[EventDate "2012.05.03"]

1. Nf3 c5 2. g3 g6 3. Bg2 Bg7 4. O-O Nf6 5. d3 O-O 6. e4 d6 7. c3 Bg4 8. h3
Bxf3 9. Bxf3 Qd7 10. Bg2 Nc6 11. Be3 Rad8 12. Nd2 b6 13. f4 d5 14. Qf3 dxe4 15.
dxe4 e5 16. Rad1 exf4 17. Bxf4 Qe6 18. b3 Ne5 19. Qe2 Nh5 20. Nf3 Nxf3+ 21.
Qxf3 Nxf4 22. gxf4 b5 23. e5 c4 24. Rd5 Qb6+ 25. Kh1 cxb3 26. axb3 a6 27. Rfd1
Rxd5 28. Qxd5 Qe3 29. Qf3 Qb6 30. Rd6 Qa5 31. Kh2 Qa2 32. Qd5 Qf2 33. Qd4 Qh4
34. Rxa6 Bh6 35. f5 Bf4+ 36. Kh1 Qe1+ 37. Qg1 Qxe5 38. fxg6 fxg6 39. c4 bxc4
40. bxc4 Be3 41. Qe1 Rf2 42. Re6 Qg3 43. Qg1 Re2 44. Re8+ Kg7 45. Rg8+ Kh6 0-1

[Event "DSM WK M 2012"]
[Site "Karlsruhe GER"]
[Date "2012.05.04"]
[Round "3"]
[White "Ziegel, Mandy Marie"]
[Black "Greßmann, Hanna"]
[Result "0-1"]
[Termination "normal"]
[Board "5.2"]
[WhiteElo "867"]
[BlackElo "1490"]
[WhiteTeam "Louise-Henriette-Gymnasium Oranienburg"]
[BlackTeam "Heinrich-Schliemann-Gymnasium Berlin"]
[PlyCount "126"]
[BlackFideId "12930709"]
[EventCountry "GER"]
[EventRounds "7"]
[EventType "team-swiss"]
[EventDate "2012.05.03"]

1. d4 d5 2. c4 c6 3. Nc3 Nf6 4. Nf3 dxc4 5. e4 b5 6. a3 Bg4 7. Be2 g6 8. O-O
Bg7 9. Rb1 O-O 10. Be3 Qc7 11. e5 Nd5 12. Qd2 f6 13. exf6 exf6 14. Bh6 Re8 15.
Rfe1 Nd7 16. h3 Bf5 17. Rbd1 Be6 18. Nh2 Nxc3 19. bxc3 f5 20. Bf3 Bd5 21. g4
Bxf3 22. Nxf3 fxg4 23. hxg4 Nf6 24. g5 Ne4 25. Qc2 Qf4 26. Re3 Qg4+ 27. Kf1 Qf5
28. Rc1 Ng3+ 29. Kg2 Rxe3 30. Qxf5 Nxf5 31. fxe3 Nxe3+ 32. Kf2 Ng4+ 33. Kg3
Nxh6 34. gxh6 Bxh6 35. Re1 Bf8 36. Ra1 Bd6+ 37. Ne5 Re8 38. Kf4 h6 39. a4 Re7
40. Rg1 g5+ 41. Kf5 Bxe5 42. dxe5 Kf7 43. Rh1 Kg7 44. axb5 cxb5 45. Rd1 Rf7+
46. Ke6 h5 47. Rd7 Rxd7 48. Kxd7 h4 49. e6 h3 50. e7 h2 51. e8=Q h1=Q 52. Qe7+
Kg6 53. Qe6+ Kh5 54. Qf7+ Kg4 55. Qe6+ Kg3 56. Qe5+ Kh3 57. Qe6+ g4 58. Qh6+
Kg2 59. Qc6+ Kg1 60. Qc5+ Kf1 61. Qf5+ Qf3 62. Qb1+ Kg2 63. Qc2+ Kg3 0-1

[Event "DSM WK M 2012"]
[Site "Karlsruhe GER"]
[Date "2012.05.04"]
[Round "3"]
[White "Piyamit, Sophia"]
[Black "Thimian, Jessica"]
[Result "0-1"]
[Termination "normal"]
[Board "5.3"]
[WhiteElo "800"]
[BlackElo "800"]
[WhiteTeam "Heinrich-Schliemann-Gymnasium Berlin"]
[BlackTeam "Louise-Henriette-Gymnasium Oranienburg"]
[PlyCount "74"]
[EventCountry "GER"]
[EventRounds "7"]
[EventType "team-swiss"]
[EventDate "2012.05.03"]

1. Nf3 d5 2. g3 Nf6 3. Bg2 e6 4. d3 Bb4+ 5. c3 Bd6 6. O-O O-O 7. Be3 Nc6 8.
Nbd2 Re8 9. Ng5 h6 10. Ngf3 Ng4 11. Bh3 Nxe3 12. fxe3 e5 13. e4 d4 14. Bg2 f6
15. a4 Bg4 16. Nb3 Bf8 17. Qc2 Qd7 18. Nc5 Bxc5 19. Qb3+ Be6 20. Qb5 b6 21. Qb3
Bxb3 22. Nh4 Be6 23. Bf3 dxc3+ 24. Kh1 cxb2 25. Rad1 Nd4 26. Bh5 Bf7 27. Bf3
Bb3 28. Rb1 Ba3 29. Ra1 bxa1=Q 30. Rxa1 Bc5 31. Ng2 Nxf3 32. exf3 Qxd3 33. Ne1
Qc4 34. Rd1 Bxd1 35. h4 Qe2 36. Nc2 Bxc2 37. g4 Rad8 0-1